00417nam a22001331a 450000100060000000300040000600500170001000800410002711000250006824501000009325000340019326400430022730000130027011667OSt20260204212251.0130503s2007||||dr ||||||b||||||||||spa|| aRepublica Dominicana aNueva ley municipal num. 176-07 del distrito nacional y de los municipios, otras legislaciones. a2da. ed. corregida y ampliada aRepública Dominicana : editora Dalis a196 PÌ